Riánsares y el fascista ; La capital del mundo / (Registro nro. 9070)

Detalles MARC
000 -LIDER
fixed length control field 00876nam a2200301 4500
001 - NÚMERO DE CONTROL
Identificador de número de control 0000412581
003 - IDENTIFICACDOR DE NÚMERO DE CONTROL
control field DO-SdBNP
005 - DATE AND TIME OF LATEST TRANSACTION
control field 20180202154436.0
007 - CAMPOS FIJOS DE DESCRIPCIÓN FÍSICA
fixed length control field 0000412581
008 - ELEMENTOS DE LONGITUD FIJA
fixed length control field 940907s1994 sp | |||| ||spa
016 7# - NO. DE CONTROL DE LA AGENCIA BIB. NACIONAL
Record control number
Source BPMSU
017 ## - NÚMERO DE REGISTRO DE DERECHOS DE AUTOR
Copyright or legal deposit number
Assigning agency
020 ## - ISBN
International Standard Book Number 8420646377
035 ## - NÚMERO LOCAL
System control number
040 ## - FUENTE DE CATALOGACIÓN
Agencia que crea de manera original el registro BPMSU
Idioma de catalogación spa
Agencia que realiza la transcripción BPMSU
Convenciones de la despripción
080 #0 - NÚMERO DE CLASIFICACIÓN DECIMAL UNIVERSAL
Universal Decimal Classification number
100 2# - ASIENTO PRINCIPAL -- NOMBRE PERSONAL
Nombre personal García Hortelano, Juan
Fechas asociadas con el nombre 1928-1992
245 10 - MENCIÓN DE TITULO
Título Riánsares y el fascista ; La capital del mundo /
Mención de responsabilidad Juan García Hortelano
Medio (Designación general de material)
Subtítulo
260 ## - PUBLICACIÓN, DISTRIBUCIÓN, ETC. (PIE DE IMPRENTA)
Lugar de publicación, distribución, etc Madrid :
Nombre del editor, distribuidor, etc. Alianza Editorial,
Fecha de publicación, distribución, etc 1994
300 ## - DESCRIPCIÓN FÍSICA
Extensión 94 p. :
Dimensiones 15 cm.
490 ## - MENCIÓN DE SERIES
Mención de serie Alianza cien
Volume/sequential designation 37
700 10 - ASIENTO SECUNDARIO -- NOMBRE PERSONAL
Nombre personal García Hortelano, Juan
Fechas asociadas con el nombre 1928-1992
Título de una obra La capital del mundo
740 31 - ASIENTO SECUNDARIO DE TÍTULOS RELACIONADOS O ANALÍTICOS NO CONTROLADOS
Título analítico o relacionado no controlado La capital del mundo.
830 ## - ASIENTO SECUNDARIO DE SERIE--TÍTULO UNIFORME
Nombre de la parte o sección de una obra Alianza cien
Volume number/sequential designation 37
942 ## - ADDED ENTRY ELEMENTS (KOHA)
Source of classification or shelving scheme Dewey Decimal Classification
Koha item type Libros
945 ## - INFORMACIÓN DE PROCESAMIENTO LOCAL
Información de procesamiento local Inventariado, 2018/ YL
956 ## - LOCAL ELECTRONIC LOCATION AND ACCESS (OCLC)
Nombre de host VMATEO
Método de acceso 10
Materiales especificados 20151209
Enlace BPMSU
Campo enlazado y núm. de secuencia 00151
Existencias
Withdrawn status Lost status Source of classification or shelving scheme Damaged status Not for loan Home library Current library Date acquired Source of acquisition Total Checkouts Barcode Date last seen Price effective from Koha item type
    Dewey Decimal Classification     Biblioteca Pública Metropolitana Salomé Ureña Biblioteca Pública Metropolitana Salomé Ureña 12/09/2015 FUNDI   BPMSU15120104 12/09/2015 12/09/2015 Libros